| 000 | 01588nam0a2200349 4500 | ||
|---|---|---|---|
| 001 | RU\NLR\BIBL_A\010458054 | ||
| 005 | 20250614054500.0 | ||
| 010 |
_a978-5-699-70242-8 _93000 |
||
| 021 |
_aRU _b2014-46790 _92835 |
||
| 035 | _a(NLR Aleph) 010458054 | ||
| 090 |
_a9960771 _c9960771 |
||
| 100 | _a20140903d2014 |||y0rusy50 ca | ||
| 101 | 1 |
_arus _ceng |
|
| 102 | _aRU | ||
| 105 | _aa ||z|||000ay | ||
| 200 | 1 |
_aЛюбовь на десерт _e[сборник эротических новелл _fпер. с англ. К. Никитиной] |
|
| 210 |
_aМосква _cЭксмо _d2014 |
||
| 215 |
_a315, [1] с. _cил. _d17 |
||
| 225 | 1 | _aСекретная библиотека | |
| 327 | 1 | _aСодерж.: Игра / Джефф Котт. Один из нас / Антония Адамс. Любовь на десерт / Соммер Марсден | |
| 333 | _a18+ | ||
| 464 | 0 |
_12001#$aИгра _1700#1$aКотт$bД.$gДжефф _tИгра _aКотт, Джефф |
|
| 464 | 0 |
_12001#$aОдин из нас _1700#1$aАдамс$bА.$gАнтония _tОдин из нас _aАдамс, Антония |
|
| 464 | 0 |
_12001#$aЛюбовь на десерт _1700#1$aМарсден$bС.$gСоммер _tЛюбовь на десерт _aМарсден, Соммер |
|
| 606 | 1 |
_aЭротика _xв художественной литературе _91983626 _3RU\NLR\AUTH\661196074 |
|
| 686 | 1 | _aШ6(0)07-440.5(Лх150-80) | |
| 942 | _cBOOK | ||
| 980 | _aNB | ||
| 980 | _aSUPPRESS | ||